Alain

Đã lưu trong:
Chi tiết về thư mục
Tác giả chính: Maurois, André
Định dạng: Sách
Ngôn ngữ:Undetermined
Được phát hành: Barcelona Plaza - Janes [s.f.]
Những chủ đề:
Các nhãn: Thêm thẻ
Không có thẻ, Là người đầu tiên thẻ bản ghi này!

MARC

LEADER 00000nam a2200000Ia 4500
008 170316s9999 xx 000 0 und d
090 |a 100 M-29a 
100 |a Maurois, André 
245 |a Alain 
260 |a Barcelona 
260 |b Plaza - Janes 
260 |c [s.f.] 
300 |a 115 páginas 
650 |a FILOSOFÍA 
999 |c 16981  |d 16981 
040 |a cru BVZT 
942 |c 15 D  |h 100 M-29a  |2 z